000 00814cam a22002412 4500
001 0000002870
005 20151217145731.0
008 070420s xx 000 0 eng d
020 _a0842332294 :
_cKES 990
040 _aKABU
_cKABU
050 0 _aPS3562
_b.A315D47 2001
100 1 _aLaHaye, Tim F.
_@0000088074
245 1 0 _aDesecration :
_bantichrist takes the throne /
_cTim LaHaye, Jerry B. Jenkins.
260 _aWheaton, Illinois :
_bTyndale,
_c2001.
300 _axiii, 407 p. ;
_c21 cm.
600 1 0 _aSteele, Rayford (Fictitious character)
_xFiction.
_@0000152376
650 0 _aAntichrist
_xFiction.
_@0000152377
651 0 _aIsrael
_xFiction.
_@0000152378
700 1 _aJenkins, Jerry B.
_@0000152375
908 _a070420
950 _@1
999 _c2051
_d2051